|
|
|
|
| LEADER |
00000nam a2200000Ia 4500 |
| 008 |
180926b2004 cr ||||| |||| 00| | spa d |
| 999 |
|
|
|c 2485
|d 2485
|
| 090 |
|
|
|a CD #229
|
| 111 |
2 |
|
|a III Simposio Universitario sobre los Derechos de la Niñez y la Adolescencia [3° : 2004 : San José]
|9 4346
|
| 245 |
1 |
0 |
|a Participación y expresión adolescente en la vida nacional /
|c III Simposio Universitario sobre los Derechos de la Niñez y la Adolescencia [3° : 2004 : San José]
|
| 260 |
|
|
|a San Jose, Costa Rica :
|b Universidad de Costa Rica. PRIDENA,
|c 2004
|
| 300 |
|
|
|a Disco Compacto
|
| 500 |
|
|
|a El presente CD posee 27 ponencias en formato PDF
|
| 650 |
1 |
4 |
|a ADOLESCENTES
|9 5
|
| 650 |
1 |
4 |
|a SEXUALIDAD
|9 48
|
| 650 |
1 |
4 |
|a EDUCACIÓN
|9 1
|
| 650 |
1 |
4 |
|a VIOLENCIA
|9 71
|
| 942 |
|
|
|i 003096 ,003097
|h CD #229
|2 z
|c 08
|
| 942 |
|
|
|i 003096 ,003097
|h CD #229
|2 z
|